00957 2200301 4500001002100000005001500021035002000036007000300056008004100059020002200100040002200122082001900144084002000163090002200183245011500205250004100320300004600361650001900407700002800426850001200454504003400466264003700500336002100537337003000558338002300588999002200611990002200633INLIS00000000087777920230404125957 a0010-0423000079ta230404 2023 yoia g ind d a978-623-7402-70-1 aYOPDYOGbinderda0423a352.1409598 a352.1409598 KEB aCB-D.11 2023-019400aKebijakan otonomi daerah dan implikasinya :bpada peningkatan mutu pendidikan islam /cpenyunting, Ogi Lesmana aEdisi pertama: Cetakan pertama, 2023 axvi, 204 halaman :bbagan, tabel ;c24 cm 4aOtonomi Daerah0 aOgi Lesmanaepenyunting aYOPDYOG aBibliografi : halaman 189-19731aSleman :bPustaka Diniyah,c2023 2rdacontentateks 2rdamediaatanpa perantara 2rdacarrieravolume aCB-D.11/2023-0194 aCB-D.11/2023-0194